SETTLING DISPUTES THROUGH ARBITRATION IN KENYA (Record no. 166234)

MARC details
000 -LEADER
fixed length control field 00496nam a2200193Ia 4500
003 - CONTROL NUMBER IDENTIFIER
control field OSt
005 - DATE AND TIME OF LATEST TRANSACTION
control field 20260413153104.0
020 ## - INTERNATIONAL STANDARD BOOK NUMBER
International Standard Book Number 978-9966-046-12-3
040 ## - CATALOGING SOURCE
Transcribing agency LC
050 ## - LIBRARY OF CONGRESS CALL NUMBER
Classification number KSK 3760 .M 85 2017
100 ## - MAIN ENTRY--PERSONAL NAME
Personal name MUIGUA,KARIUKI
245 #0 - TITLE STATEMENT
Title SETTLING DISPUTES THROUGH ARBITRATION IN KENYA
250 ## - EDITION STATEMENT
Edition statement 3
260 ## - PUBLICATION, DISTRIBUTION, ETC.
Place of publication, distribution, etc. NAIROBI,
Name of publisher, distributor, etc. GLENWOOD PUBLISHERS LIMITED,
Date of publication, distribution, etc. 2017,
300 ## - PHYSICAL DESCRIPTION
Extent XiV, 229 P, ILL
500 ## - GENERAL NOTE
General note INCLUDES INDEX
650 ## - SUBJECT ADDED ENTRY--TOPICAL TERM
Topical term or geographic name entry element Arbitration and award-Kenya
942 ## - ADDED ENTRY ELEMENTS (KOHA)
Koha item type Long Loan Book
Source of classification or shelving scheme Library of Congress Classification
Holdings
Withdrawn status Lost status Source of classification or shelving scheme Damaged status Not for loan Collection Home library Current library Shelving location Date acquired Inventory number Total checkouts Full call number Barcode Date last seen Copy number Price effective from Koha item type Date last checked out Total renewals
    Library of Congress Classification     Special Research Kisii University Library Kisii University Library On Display 10/31/2023 96529   KSK 3760 .M85 2017 043148 10/31/2023 1 10/31/2023 Reference    
    Library of Congress Classification     Law Kisii University Library Kisii University Library On Display 10/31/2023 100618   KSK 3760 .M85 2017 000000003394 10/31/2023 2 10/31/2023 Long Loan Book    
    Library of Congress Classification     Law Kisii University Library Kisii University Library On Display 10/31/2023 094842   KSK 3760 .M85 2017 005105 10/31/2023 8 10/31/2023 Long Loan Book    
    Library of Congress Classification     Law Kisii University Library Kisii University Library On Display 10/31/2023 100523 1 KSK 3760 .M85 2017 000000003395 04/24/2026 7 10/31/2023 Long Loan Book 04/12/2026  
    Library of Congress Classification     Law Kisii University Library Kisii University Library On Display 10/31/2023 100522 1 KSK 3760 .M85 2017 000000003396 04/05/2025 6 10/31/2023 Long Loan Book 04/04/2025  
    Library of Congress Classification     Law Kisii University Library Kisii University Library   10/31/2023 100521 1 KSK 3760 .M85 2017 000000003625 04/06/2024 C.5 10/31/2023 Long Loan Book 03/28/2024  
    Library of Congress Classification     Law Kisii University Library Kisii University Library On Display 10/31/2023 100520 1 KSK 3760 .M85 2017 000000003626 03/04/2024 4 10/31/2023 Long Loan Book 02/16/2024 1
    Library of Congress Classification     Law Kisii University Library Kisii University Library On Display 10/31/2023 100519   KSK 3760 .M85 2017 000000003627 10/31/2023 3 10/31/2023 Long Loan Book    
    Library of Congress Classification     Law Kisii University Library Kisii University Library On Display 02/24/2026 111972   KSK 3760 .M85 2017 000000023996 02/24/2026 9 02/24/2026 Long Loan Book    
    Library of Congress Classification     Law Kisii University Library Kisii University Library On Display 02/24/2026 111973   KSK 3760 .M85 2017 000000023995 02/24/2026 10 02/24/2026 Long Loan Book    
    Library of Congress Classification     Law Kisii University Library Kisii University Library On Display 02/24/2026 111974   KSK 3760 .M85 2017 000000023994 02/24/2026 11 02/24/2026 Long Loan Book    
    Library of Congress Classification     Law Kisii University Library Kisii University Library On Display 02/24/2026 111975   KSK 3760 .M85 2017 000000024078 02/24/2026 12 02/24/2026 Long Loan Book    
    Library of Congress Classification     Law Kisii University Library Kisii University Library On Display 02/24/2026 111976   KSK 3760 .M85 2017 000000024079 02/24/2026 13 02/24/2026 Long Loan Book